<?xml version="1.0" encoding="UTF-8"?><OAI-PMH xmlns="http://www.openarchives.org/OAI/2.0/" xmlns:xsi="http://www.w3.org/2001/XMLSchema-instance"     xsi:schemaLocation="http://www.openarchives.org/OAI/2.0/ http://www.openarchives.org/OAI/2.0/OAI-PMH.xsd"><responseDate>2026-06-06T02:55:38Z</responseDate><request verb="GetRecord" identifier="oai:regmurcia.com:fintegr.2051" metadataPrefix="marc21">http://oai.regmurcia.com/oai2/oai2.php</request><GetRecord><record><header><identifier>oai:regmurcia.com:fintegr.2051</identifier><datestamp>2026-06-06</datestamp><setSpec>documentos</setSpec></header><metadata><record  xmlns="http://www.loc.gov/MARC21/slim" xmlns:xsi="http://www.w3.org/2001/XMLSchema-instance" xsi:schemaLocation="http://www.loc.gov/MARC21/slim http://www.loc.gov/standards/marcxml/schema/MARC21slim.xsd" type="Bibliographic"><leader>00000nam a2200000   4500</leader><controlfield tag="001" >005128976</controlfield><controlfield tag="003" >2051</controlfield><controlfield tag="004" >A00000000</controlfield><datafield tag="245" ind1=" " ind2=" "><subfield code="a">Expediente sobre la procuración de Juan de Torres y Juan Fernández de Hermosilla para acudir a cortes a jurar a D. Alfonso como rey.</subfield></datafield><datafield tag="300" ind1=" " ind2=" "><subfield code="c">220 x 150 mm.</subfield></datafield><datafield tag="300" ind1=" " ind2=" "><subfield code="a">4 fol.</subfield></datafield><datafield tag="351" ind1=" " ind2=" "><subfield code="a">Unidad Documental</subfield><subfield code="c">Archivo de Murcia. Array</subfield><subfield code="a">Unidad Documental</subfield><subfield code="c">Archivo de Murcia. Array</subfield></datafield><datafield tag="351" ind1=" " ind2=" "><subfield code="b">Nº 59</subfield></datafield><datafield tag="506" ind1=" " ind2=" "><subfield code="a">Acceso restringido</subfield></datafield><datafield tag="520" ind1=" " ind2=" "><subfield code="a">Juan de Torres requiere ante el concejo de Murcia el pago de 6.000 maravedís en concepto de los días que había estado como procurador en cortes, junto con Juan Fernández de Hermosilla, a las que habían acudido para jurar como rey a Alfonso, hermano de Enrique IV. El concejo de Murcia responde que no le pagará la cantidad requerida hasta haber finalizado la dicha procuración. Juan de Torres renuncia de la procuración y el concejo de Murcia ordena a su mayordomo, Diego de Monzón que le pague los maravedís que reclama y revoca el poder otorgado para las dichas cortes a Juan de Torres y a Juan Fernández de Hermosilla. (1466-9-27. Murcia)
- Juan de Torres dice no haber recibido los maravedís debidos por el concejo. El concejo de Murcia responde que le abonará la cantidad demandada una vez reciba el dinero de la renta de la sisa. (1466-10-10. Murcia)</subfield></datafield><datafield tag="583" ind1=" " ind2=" "><subfield code="u">http://www.regmurcia.com/servlet/s.Sl?METHOD=VERDOCUMENTO&amp;sit=serv,Carmesi&amp;n=/01/1319/indice.djvu</subfield></datafield><datafield tag="592" ind1=" " ind2=" "><subfield code="a">1466-09-27/1466-10-10</subfield></datafield><datafield tag="592" ind1=" " ind2=" "><subfield code="d">1466-10-10 00:00:00</subfield></datafield><datafield tag="651" ind1=" " ind2=" "><subfield code="a">Murcia</subfield></datafield><datafield tag="786" ind1=" " ind2=" "><subfield code="o">http://www.regmurcia.com/servlet/s.Sl?METHOD=VERDOCUMENTO&amp;sit=serv,Carmesi&amp;n=/01/1319/indice.djvu</subfield></datafield><datafield tag="856" ind1=" " ind2=" "><subfield code="u">http://www.regmurcia.com/servlet/s.Sl?METHOD=DETALLE&amp;sit=c,373,m,139,serv,Carmesi&amp;id=2051</subfield></datafield></record></metadata></record></GetRecord></OAI-PMH>
